000 00742nam a2200157 a 4500
008 120416s2005 ||||||||||||||||| || u
050 _aGOV.ZAM(02)2005/1A
110 _aGovernment of the Republic of Zambia (GRZ)
245 1 0 _aDraft Constitution of the Republic of Zambia
260 _aLusaka
_bConstitution Review Commission (CRC) - Zambia
_c2005
300 _a276p. : ill.
350 _a0.00
650 _aCONSTITUTION--LAW AND LEGISLATION--ZAMBIA
995 _aSPECIAL COLLECTIONS
_D0.00
_e9019276
_FCBU-MAIN LIBRARY (Kitwe)
_H2
_I0.00
_jGOV.ZAM(02)2005/1A
_UAVAILABLE
_y9019276
_ZZambiana Collection
995 _aSPECIAL COLLECTIONS
_D0.00
_e9019284
_FCBU-MAIN LIBRARY (Kitwe)
_H10
_I0.00
_jGOV.ZAM(02)2005/1B
_UAVAILABLE
_y9019284
_ZZambiana Collection
999 _c75651
_d75651